000 00328nam a2200157Ia 4500
100 _aHowe/H.E
650 _aChemistry
942 _cBK
654 _aChemistry
245 _aChemistry in Industry
260 _bChemical Foundation
_aNewyork
_c1931
082 _a660
_bHOW
300 _a392
546 _aENGLISH
999 _c18656
_d18656